Jokes and their relation to the unconscious / (Record no. 541934)

000 -LEADER
fixed length control field 00731cam a2200205 i 4500
020 ## - INTERNATIONAL STANDARD BOOK NUMBER
International Standard Book Number 0140217347 :
082 00 - DEWEY DECIMAL CLASSIFICATION NUMBER
Classification number 127
Author Mark FRE
-- ML-29,p.59
100 1# - MAIN ENTRY--PERSONAL NAME
Personal name Freud, Sigmund,
9 (RLIN) 37011
245 10 - TITLE STATEMENT
Title Jokes and their relation to the unconscious /
Statement of responsibility, etc. Sigmund Freud ; translated from the German and edited by James Strachey.
250 ## - EDITION STATEMENT
Edition statement [New ed.] /
260 ## - PUBLICATION, DISTRIBUTION, ETC.
Place of publication, distribution, etc. Harmondsworth ;
-- New York :
Name of publisher, distributor, etc. Penguin,
Date of publication, distribution, etc. 1976.
300 ## - PHYSICAL DESCRIPTION
Extent 330 p. ;
Dimensions 19 cm.
500 ## - GENERAL NOTE
General note Includes indexes.
500 ## - GENERAL NOTE
General note Translation of Der Witz und seine Beziehung zum Unbewussten.
526 ## - STUDY PROGRAM INFORMATION NOTE
Program name 0
Interest level 0
Reading level 0
Title point value 127_000000000000000_FRE
650 #0 - SUBJECT ADDED ENTRY--TOPICAL TERM
Topical term or geographic name entry element Mce
9 (RLIN) 379
650 #0 - SUBJECT ADDED ENTRY--TOPICAL TERM
Topical term or geographic name entry element Subconsciousness.
9 (RLIN) 37012
650 #0 - SUBJECT ADDED ENTRY--TOPICAL TERM
Topical term or geographic name entry element Wit and humor
General subdivision Psychological aspects.
9 (RLIN) 37013
942 ## - ADDED ENTRY ELEMENTS (KOHA)
Source of classification or shelving scheme
Koha item type Book
Holdings
Withdrawn status Lost status Source of classification or shelving scheme Damaged status Not for loan Permanent Location Current Location Date acquired Total Checkouts Full call number Barcode Date last seen Price effective from Koha item type
          Military College of Engineering (MCE) Military College of Engineering (MCE) 09/11/2013   127 FRE MCE-26412 09/11/2013 09/11/2013 Book
© 2023 Central Library, National University of Sciences and Technology. All Rights Reserved.